| 000 | 00380nam a2200157Ia 4500 | ||
|---|---|---|---|
| 008 | 170918s9999 xx 000 0 und d | ||
| 020 | _a9789715185011 | ||
| 050 | _bL618ph 2011 | ||
| 100 | _aLeroux, Gaston | ||
| 245 | 4 | _aThe phantom of the opera / | |
| 245 | _cby Gaston Leroux. | ||
| 260 | _aPhilippines : | ||
| 260 | _bLampara, | ||
| 260 | _c2011 | ||
| 300 | _a125 pages : | ||
| 999 |
_c343455 _d343455 |
||